Cieľom nie je len vzdelávanie

Bibliographic Details
Main Author: Repaská, Dagmar (Author)
Format: Article
Language:Slovak
PhysicalDescription:Fotogr.
Subjects:

MARC

LEADER 00000nab a2200000 ar4500
001 vtls009008376
003 SK-MaSNL
005 20260303065517.0
008 070719c2006 xo mr|p|||||||000 b|slo
038 |a SNSK 
040 |b slo  |c SNSK  |e AACR2 
041 |a slo 
044 |a xo  |c SK 
080 |a 373.6  |x (437.6)  |x "1981/2006" : 621.0  |2 2001 
080 |a 621.0  |2 2001 
100 1 |a Repaská, Dagmar  |4 aut  |9 1065661 
245 1 0 |a Cieľom nie je len vzdelávanie  |c Dagmar Repaská 
300 |b Fotogr. 
610 2 7 |a Stredná priemyselná škola strojnícka (Spišská Nová Ves, Slovensko)  |2 snsk  |9 32001 
650 0 7 |a 25. výročie  |2 snsk  |9 1039415 
651 7 |a Spišská Nová Ves (Slovensko)  |2 snsk  |9 28800 
773 0 |t Spišské hlasy  |g Roč. VII., č. 41 (2006), s. 2 
852 |a SNSK  |b KIS3GCP 
999 |c 1751484  |d 1753414